| 000 | 00646nam a2200205Ia 4500 | ||
|---|---|---|---|
| 003 | SISC | ||
| 005 | 20181204065316.0 | ||
| 008 | 181126s9999 xx 000 0 und d | ||
| 020 | _a9786214220076 | ||
| 050 |
_aBR 9.L626 _b.Su939 2018 |
||
| 100 | _aSuarez, Michelline | ||
| 245 |
_aCashaysayan: _ba history of Philippine money/ _cMichelline Suarez |
||
| 260 |
_aManila : _bTahanan Books for Young Readers _c2018 |
||
| 300 |
_a175 pages : _billustrated _c19 cm. |
||
| 500 | _aIncludes index and bibliographic references | ||
| 650 | _aFinance -- Philippines | ||
| 650 | _aMoney -- Philippines -- History | ||
| 942 |
_2lcc _cBK |
||
| 999 |
_c359480 _d359480 |
||